[Event "TCh-CHN DivA Regular"]
[Site "Fuling CHN"]
[Date "2023.06.15"]
[Round "9.5"]
[White "Wei Yi"]
[Black "Huang,Renjie"]
[Result "0-1"]
[WhiteElo "2722"]
[BlackElo "2406"]

1.Nf3 Nf6 2.c4 g6 3.Nc3 d5 4.cxd5 Nxd5 5.h4 Bg7 6.h5 Nxc3 7.bxc3 e5 8.e4 Nc6
9.Ba3 Bf8 10.Bxf8 Rxf8 11.Rb1 Qd6 12.d4 exd4 13.cxd4 Bg4 14.d5 O-O-O 15.dxc6 Qxc6
16.Bd3 f5 17.Qc2 Rxd3 18.Qxd3 fxe4 19.Qa3 Rd8 20.O-O exf3 21.Rfc1 Qa6 22.Qe7 c6
23.Rd1 Bd7 24.h6 fxg2 25.Qxh7 Qc4 26.Qxg6 Qh4 27.Kxg2 Rf8 28.Qg3 Qe4+ 29.Kg1 Qh7
30.Qd6 Qg8+ 31.Qg3 Qh7 32.Qd6 Qg8+ 33.Kh1 Bg4 34.Rd3 Bf3+ 35.Rxf3 Rxf3 36.Qh2 Rf6
37.Rd1 Qe6 38.h7 Qe4+  0-1

[Event "TCh-CHN DivA Regular"]
[Site "Fuling CHN"]
[Date "2023.06.17"]
[Round "11.4"]
[White "Bu Xiangzhi"]
[Black "Wei Yi"]
[Result "1/2-1/2"]
[WhiteElo "2694"]
[BlackElo "2722"]

1.Nf3 d5 2.d4 Nf6 3.c4 e6 4.Nc3 c5 5.cxd5 cxd4 6.Qxd4 exd5 7.e4 dxe4 8.Qxd8+ Kxd8
9.Ng5 Be6 10.Nxe6+ fxe6 11.Bg5 Nc6 12.O-O-O+ Ke8 13.Bb5 Rc8 14.Kb1 Bb4 15.Bxf6 gxf6
16.Nxe4 f5 17.Ng5 Ke7 18.a3 Ba5 19.f4 h6 20.Nf3 Rhd8 21.Rxd8 Nxd8 22.Rd1 Rc7
23.Ne5 a6 24.Be2 Nc6 25.Nxc6+ Rxc6 26.g4 fxg4 27.Bxg4 Rc4 28.Bf3 b5 29.Bb7 Rxf4
30.Bxa6 b4 31.axb4 Bxb4 32.Rc1 Rf2 33.Rc2 Rxc2  1/2-1/2

[Event "Global Chess League 2023"]
[Site "Dubai UAE"]
[Date "2023.06.22"]
[Round "1.3"]
[White "Wei Yi"]
[Black "Vidit,S"]
[Result "1-0"]
[WhiteElo "2722"]
[BlackElo "2712"]

1.d4 d5 2.c4 e6 3.Nc3 c5 4.cxd5 exd5 5.Nf3 Nf6 6.e3 Nc6 7.Be2 cxd4 8.Nxd4 Bc5
9.O-O O-O 10.Nxc6 bxc6 11.b3 Re8 12.Bb2 Bd6 13.Rc1 Bc7 14.Ba3 Bf5 15.Na4 Qd7
16.Nc5 Qd6 17.g3 Bh3 18.Re1 Ba5 19.b4 Bb6 20.Bb2 Rab8 21.Bd4 Qe7 22.Bd3 h6
23.Qf3 Ne4 24.a3 Bxc5 25.Bxc5 Qe6 26.Qe2 Rb7 27.Bd4 Ng5 28.f3 Bf5 29.Ba6 Rd7
30.h4 Nh3+ 31.Kg2 h5 32.Bd3 g5 33.Rxc6 Qxc6 34.Bxf5 Rc7 35.Kxh3 Qa4 36.hxg5 Rc4
37.f4 Rxd4 38.Qxh5 Rd2 39.Qh7+ Kf8 40.Qh6+ Ke7 41.Qf6+ Kf8 42.g6  1-0

[Event "Global Chess League 2023"]
[Site "Dubai UAE"]
[Date "2023.06.23"]
[Round "2.3"]
[White "Dubov,Daniil"]
[Black "Wei Yi"]
[Result "0-1"]
[WhiteElo "2716"]
[BlackElo "2722"]

1.Nf3 d5 2.g3 Nf6 3.Bg2 e6 4.O-O Be7 5.d4 O-O 6.b3 c5 7.dxc5 Bxc5 8.c4 dxc4
9.Qc2 Qe7 10.Nbd2 Nc6 11.Nxc4 e5 12.Bb2 e4 13.Ng5 Bf5 14.Ne3 Bxe3 15.fxe3 Bg6
16.Bxf6 gxf6 17.Nh3 Nb4 18.Qb2 Qe5 19.Qd2 a5 20.Rad1 Rac8 21.Nf4 Kg7 22.Qd7 Rfd8
23.Qxb7 Rb8 24.Qa7 Nc6 25.Qa6 Nb4 26.Qc4 Rbc8 27.Rxd8 Rxc4 28.bxc4 Qc5 29.h4 Nc2
30.Rd5 Qa7 31.Rfd1 Bf5 32.Nh5+ Kh6 33.Nxf6 Nxe3 34.Kh2 Nxd5 35.cxd5 Kg7 36.Nh5+ Kh6
37.Nf4 Qe3 38.d6 Bd7 39.Rd5 a4 40.Rh5+ Kg7 41.Rg5+ Kf8 42.Nd5 Qf2 43.Nf4 Qd4
44.Rd5 Qb4 45.Bh3 Ke8 46.Bxd7+ Kxd7 47.Nh5 Qb2 48.Kh3 Qxe2 49.Nf6+ Kd8 50.Rf5 e3
51.Ng4 Qd1 52.Nxe3 Qh1+ 53.Kg4 Qe4+ 54.Kh5 Qe6 55.Rg5 Qxe3 56.Rg7 Qe5+ 57.Kh6 Qe6+
58.Kxh7 Qxa2 59.h5 a3 60.h6 Qe6 61.g4 a2 62.g5 a1=Q 63.d7 Kxd7 64.g6 Qxg7+
65.hxg7 Qxg6+ 66.Kg8 f6  0-1

[Event "Global Chess League 2023"]
[Site "Dubai UAE"]
[Date "2023.06.24"]
[Round "4.3"]
[White "Radjabov,T"]
[Black "Wei Yi"]
[Result "0-1"]
[WhiteElo "2747"]
[BlackElo "2722"]

1.d4 Nf6 2.c4 e6 3.Nf3 d5 4.Nc3 c6 5.Bg5 h6 6.Bxf6 Qxf6 7.e3 Nd7 8.Rc1 g6
9.Bd3 Qe7 10.O-O Bg7 11.Re1 O-O 12.Qc2 dxc4 13.Bxc4 Rd8 14.a3 a5 15.Ba2 b5
16.e4 b4 17.Na4 Bb7 18.Qb3 Rab8 19.Qe3 Ba6 20.e5 bxa3 21.bxa3 Bf8 22.Rc3 Bb5
23.Nc5 Nxc5 24.Rxc5 Qb7 25.Rc3 Ba6 26.h4 Qb2 27.Bb1 a4 28.Rxc6 Bb7 29.Rc7 Rbc8
30.Rxb7 Qxb7 31.h5 gxh5 32.Nd2 Bg7 33.Ne4 Qb2 34.Nf6+ Kf8 35.d5 Bxf6 36.dxe6 Qxe5
37.Qxh6+ Bg7 38.Rxe5 Rd1+ 39.Kh2 Bxh6  0-1

[Event "Global Chess League 2023"]
[Site "Dubai UAE"]
[Date "2023.06.26"]
[Round "5.3"]
[White "Dominguez Perez,L"]
[Black "Wei Yi"]
[Result "1-0"]
[WhiteElo "2739"]
[BlackElo "2722"]

1.e4 c5 2.Nf3 Nc6 3.d4 cxd4 4.Nxd4 Nf6 5.Nc3 d6 6.Bg5 e6 7.Qd2 a6 8.O-O-O Bd7
9.Kb1 Nxd4 10.Qxd4 Be7 11.f4 Bc6 12.Bc4 Qa5 13.Rhe1 h6 14.Bh4 O-O-O 15.f5 b5
16.Bd5 Bxd5 17.exd5 b4 18.Ne4 Qxd5 19.Bxf6 gxf6 20.Qxd5 exd5 21.Rxd5 Rhg8
22.g3 Kc7 23.c3 bxc3 24.Nxc3 Rd7 25.Re4 Kb7 26.Rb4+ Ka7 27.Kc2 Rc8 28.Kd3 Bf8
29.Re4 Rdc7 30.a3 Rc6 31.Rdd4 h5 32.Rc4 Rc5 33.Rh4 Rd8 34.Rxh5 Rd7 35.Rh8 d5
36.Rxc5 Bxc5 37.Rh6 Rd6 38.Rh7 Rd7 39.h4 Bf2 40.g4 Kb6 41.g5 fxg5 42.hxg5 Kc6
43.g6 fxg6 44.Rxd7  1-0

[Event "Global Chess League 2023"]
[Site "Dubai UAE"]
[Date "2023.06.27"]
[Round "6.3"]
[White "Vidit,S"]
[Black "Wei Yi"]
[Result "1/2-1/2"]
[WhiteElo "2712"]
[BlackElo "2722"]

1.d4 Nf6 2.c4 e6 3.Nf3 d5 4.Nc3 c5 5.e3 dxc4 6.Bxc4 a6 7.O-O b5 8.Be2 Bb7
9.dxc5 Qxd1 10.Rxd1 Bxc5 11.Nd2 Nc6 12.Nde4 Nxe4 13.Nxe4 Be7 14.Nd6+ Bxd6
15.Rxd6 Ke7 16.Rd1 Rhd8 17.Bd2 Rd7 18.Be1 Rxd1 19.Rxd1 Rd8 20.Rc1 Rc8 21.Kf1 f6
22.a3 Ne5 23.Bb4+ Ke8 24.Rxc8+ Bxc8 25.Bc3 Nc6 26.g4 e5 27.f4 Be6 28.Kf2 Kd7
29.h4 g6 30.Kg3 Kd6 31.Bd3 Ne7 32.Bb4+ Kd7 33.fxe5 fxe5 34.h5 gxh5 35.gxh5 Nf5+
36.Kf3 Ng7 37.h6 Nf5 38.Bf8 Ke8 39.Bc5 Nxh6 40.Bxh7 Ng4 41.Be4 Kd7 42.Bb7 a5
43.Bb6 a4 44.Ba5 Nf6 45.Bc3 Kd6 46.e4 Bf7 47.Ke3 Bc4 48.Bc8 Nd7 49.Bxd7 Kxd7  1/2-1/2

[Event "Global Chess League 2023"]
[Site "Dubai UAE"]
[Date "2023.06.28"]
[Round "7.3"]
[White "Wei Yi"]
[Black "Dubov,Daniil"]
[Result "1-0"]
[WhiteElo "2722"]
[BlackElo "2716"]

1.d4 d5 2.c4 e6 3.Nf3 Nf6 4.g3 Bb4+ 5.Bd2 a5 6.Bg2 O-O 7.Qc2 c5 8.dxc5 d4
9.Bxb4 axb4 10.O-O Nc6 11.Nbd2 e5 12.Ng5 Qe7 13.Bd5 g6 14.Nge4 Bf5 15.Nxf6+ Qxf6
16.Ne4 Qe7 17.a3 Kg7 18.Bxc6 bxc6 19.axb4 Rab8 20.Ra4 h5 21.f3 h4 22.g4 Bxe4
23.Qxe4 f5 24.gxf5 gxf5 25.Qxc6 Rf6 26.Qd5 Rg6+ 27.Kh1 Kh6 28.Ra8 Rxa8 29.Qxa8 Kh7
30.f4 e4 31.Ra1 Rg7 32.Qd5 Qf6 33.Qd6 Qf7 34.Qxd4 Qh5 35.Qe3 h3 36.Rg1 Rg4
37.Rxg4 Qxg4 38.Qg3 Qh5 39.Kg1 Qf7 40.Qxh3+ Kg7 41.c6 Kg6 42.Qg3+ Kh7 43.Qh4+ Kg6
44.Qg5+ Kh7 45.c7 Qxc7 46.Qxf5+ Kh6 47.Qe6+ Kh7 48.Qxe4+ Kh6 49.Kf2 Qb6+
50.c5 Qf6 51.f5 Qxb2 52.c6 Kh5 53.h3 Kg5 54.c7 Kh6 55.Qh4+ Kg7 56.Qg5+ Kf7
57.Qg6+  1-0

[Event "Global Chess League 2023"]
[Site "Dubai UAE"]
[Date "2023.06.30"]
[Round "9.3"]
[White "Wei Yi"]
[Black "Radjabov,T"]
[Result "1-0"]
[WhiteElo "2722"]
[BlackElo "2747"]

1.d4 Nf6 2.c4 e6 3.Nf3 b6 4.g3 Bb7 5.Bg2 Be7 6.O-O O-O 7.Nc3 Ne4 8.Bd2 Nxd2
9.Qxd2 d6 10.e4 Nd7 11.Rad1 c5 12.d5 e5 13.Ne1 a6 14.a4 Bc8 15.f4 Bf6 16.Nf3 Rb8
17.Rf2 b5 18.axb5 Qa5 19.Bf1 Re8 20.f5 Bd8 21.g4 Nf6 22.Rg2 Bd7 23.Qe1 axb5
24.cxb5 c4 25.Bxc4 Qb4 26.Bd3 Ba5 27.Qh4 Qc5+ 28.Kh1 Bxc3 29.g5 Nxd5 30.exd5 e4
31.Bxe4 Qe3 32.bxc3 Rxe4 33.Qg3 Qxc3 34.Nd4 Qc5 35.g6 hxg6 36.Ne6 Qxb5 37.fxg6 fxe6
38.Qh3 Rf4 39.Rc2 e5 40.Qh7+ Kf8 41.Qh8+ Ke7 42.Qxg7+ Kd8 43.Qh8+ Be8 44.g7 Qa4
45.g8=Q Qe4+ 46.Rg2 Kc7 47.Qhh7+  1-0

[Event "Global Chess League 2023"]
[Site "Dubai UAE"]
[Date "2023.07.01"]
[Round "10.3"]
[White "Wei Yi"]
[Black "Dominguez Perez,L"]
[Result "1-0"]
[WhiteElo "2722"]
[BlackElo "2739"]

1.c4 e6 2.Nc3 Nf6 3.d4 Bb4 4.a3 Bxc3+ 5.bxc3 b6 6.f3 Nc6 7.e4 Na5 8.Bg5 d6
9.Bd3 h6 10.Bh4 g5 11.Bf2 Ba6 12.h4 Rg8 13.hxg5 hxg5 14.Ne2 Qe7 15.c5 Bxd3
16.Qxd3 dxc5 17.dxc5 Nd7 18.cxb6 axb6 19.Rd1 Nc6 20.Bg3 Nce5 21.Bxe5 Nxe5
22.Qb5+ Nd7 23.Qc6 Rd8 24.Qxc7 Qc5 25.Qxc5 bxc5 26.Kf2 Ra8 27.Rb1 Ra7 28.Rb5 Ke7
29.Rd1 Rc8 30.a4 Ne5 31.Ra1 Nc4 32.Nc1 Rca8 33.Rxc5 Rxa4 34.Rxa4 Rxa4 35.Rxg5 f6
36.Rg7+ Kd6 37.Rf7 Ra1 38.Ne2 Ke5 39.Rd7 f5 40.f4+ Kf6 41.e5+ Kg6 42.Re7 Ra6
43.Nd4 Ra2+ 44.Kg3 Ne3 45.Rxe6+ Kh5 46.Kf3 Nxg2 47.Nxf5 Ne1+ 48.Kg3 Rg2+
49.Kh3 Rg6 50.Re8  1-0

[Event "Global Chess League Final"]
[Site "Dubai UAE"]
[Date "2023.07.02"]
[Round "1.3"]
[White "Wei Yi"]
[Black "Vidit,S"]
[Result "1-0"]
[WhiteElo "2726"]
[BlackElo "2719"]

1.d4 d5 2.c4 c6 3.e3 Nf6 4.Nc3 e6 5.Nf3 Nbd7 6.Qc2 Bd6 7.g4 h6 8.Rg1 dxc4
9.e4 e5 10.Be3 b5 11.O-O-O Qc7 12.h4 h5 13.gxh5 Nxh5 14.Bh3 exd4 15.Nxd4 Bf4
16.Kb1 a6 17.Nf5 g6 18.Bd4 Ne5 19.Bc5 Nd3 20.Rxd3 cxd3 21.Qxd3 Be6 22.Nd6+ Bxd6
23.Bxd6 Qd7 24.Bxe6 Qxe6 25.e5 O-O-O 26.Ne4 Nf4 27.Qa3 Qc4 28.Qxa6+ Kd7 29.Nc5+  1-0

[Event "Global Chess League Final"]
[Site "Dubai UAE"]
[Date "2023.07.02"]
[Round "2.3"]
[White "Vidit,S"]
[Black "Wei Yi"]
[Result "1/2-1/2"]
[WhiteElo "2719"]
[BlackElo "2726"]

1.e4 e6 2.d4 d5 3.Nc3 Nf6 4.e5 Nfd7 5.f4 c5 6.Nf3 Nc6 7.Be3 cxd4 8.Nxd4 Qb6
9.Qd2 Qxb2 10.Rb1 Qa3 11.Bb5 Nxd4 12.Bxd4 a6 13.Bxd7+ Bxd7 14.Rb3 Qe7 15.Rxb7 Qh4+
16.Qf2 Qxf2+ 17.Kxf2 Be7 18.Rhb1 Bd8 19.Rb8 Rxb8 20.Rxb8 O-O 21.Rb7 Bc6 22.Ra7 Ba5
23.Rxa6 Bxc3 24.Bxc3 Rc8 25.Ke3 Bb7 26.Ra3 d4+ 27.Bxd4 Bxg2 28.c3 Ra8 29.Ba7 Bf1
30.Ra5 h5 31.a4 h4 32.Kf2 Bd3 33.Ke3 Bf1 34.Kf2 Bd3 35.Ke3  1/2-1/2

[Event "Global Chess League Final"]
[Site "Dubai UAE"]
[Date "2023.07.02"]
[Round "3.3"]
[White "Wei Yi"]
[Black "Vidit,S"]
[Result "0-1"]
[WhiteElo "2726"]
[BlackElo "2719"]

1.d4 Nf6 2.c4 e6 3.Nc3 Bb4 4.Qc2 d5 5.Nf3 O-O 6.cxd5 exd5 7.Bg5 h6 8.Bh4 c5
9.dxc5 Nbd7 10.e3 g5 11.Bg3 Nxc5 12.Bd3 Nfe4 13.Nd4 Bxc3+ 14.bxc3 Re8 15.O-O Bd7
16.c4 Nxd3 17.Qxd3 dxc4 18.Qxc4 Nd2 19.Qe2 Nxf1 20.Rxf1 Qf6 21.Qd2 Rac8 22.f4 g4
23.f5 Re4 24.Bf4 h5 25.Qa5 a6 26.Qb4 Bb5 27.Rd1 Rc4 28.Qd2 Ba4 29.Rf1 Kh7
30.Qf2 Bc6 31.Bg3 Bd5 32.Rd1 Qg5 33.Bf4 Qe7 34.a3 Rc3 35.Re1 Rxa3 36.h3 Ra2
37.Qg3 Rxd4 38.hxg4 Rxg2+ 39.Qxg2 Bxg2 40.Kxg2 Qe4+ 41.Kg3 Rd2 42.Rg1 h4+
43.Kxh4 Rg2 44.Rc1 Qf3 45.Kg5 Qxg4+ 46.Kf6 Qg7+ 47.Ke7 f6+ 48.Ke6 Qg8+ 49.Kxf6 Qf8+
50.Ke6 Qe8+ 51.Kf6 Rg7  0-1

[Event "Global Chess League Final"]
[Site "Dubai UAE"]
[Date "2023.07.02"]
[Round "4.3"]
[White "Vidit,S"]
[Black "Wei Yi"]
[Result "0-1"]
[WhiteElo "2719"]
[BlackElo "2726"]

1.d4 Nf6 2.c4 e6 3.Nf3 d5 4.Nc3 c6 5.e3 Nbd7 6.Qc2 Bd6 7.b3 O-O 8.Be2 b6
9.O-O Bb7 10.Bb2 Qe7 11.a4 a5 12.Rad1 Bb4 13.Na2 Bd6 14.Nc3 Bb4 15.Ne5 Rac8
16.f4 c5 17.Nb5 cxd4 18.exd4 Ne4 19.Bd3 f5 20.Na7 Rc7 21.Nb5 Rcc8 22.Na7 Rc7
23.Nb5 Nxe5 24.fxe5 Rd7 25.Qe2 Qg5 26.cxd5 Bxd5 27.Bc4 Rc8 28.Rc1 Bd2 29.Rce1 Bxe1
30.Rxe1 Qd2 31.Ba3 Bxc4 32.bxc4 Qxe2 33.Rxe2 Rxc4 34.g4 g6 35.gxf5 gxf5 36.Kg2 Rg7+
37.Kf3 Rg1 38.d5 Ng5+ 39.Kf2 Nh3+ 40.Kf3 Rf4+ 41.Ke3 Re4+ 42.Kd2 Rxe2+ 43.Kxe2 exd5
44.e6 Rg4 45.e7 Re4+ 46.Kd2 Nf4 47.Nc7 Kf7 48.Bd6 Ng6 49.e8=Q+ Rxe8 50.Nxe8 Kxe8
51.Bc7 Ne7 52.Bxb6 Nc6 53.Ke3 Ke7 54.Bc5+ Ke6 55.Bb6 d4+  0-1

[Event "FIDE World Cup 2023"]
[Site "Baku AZE"]
[Date "2023.08.03"]
[Round "2.2"]
[White "Supi,L"]
[Black "Wei Yi"]
[Result "1/2-1/2"]
[WhiteElo "2582"]
[BlackElo "2726"]

1.e4 e5 2.Nf3 Nc6 3.Bb5 Nf6 4.d3 Bc5 5.Bxc6 dxc6 6.O-O Bd6 7.Nbd2 Be6 8.b3 Nd7
9.Bb2 Qe7 10.d4 f6 11.Qe2 O-O-O 12.dxe5 fxe5 13.Nc4 Bxc4 14.Qxc4 g5 15.Qe2 g4
16.Nd2 Qg5 17.Nc4 Bc5 18.Kh1 Rhf8 19.Rad1 h5 20.Bc1 Qf6 21.Be3 Bxe3 22.Qxe3 b6
23.b4 Qf4 24.Kg1 Qxe3 25.Nxe3 a5 26.a3 axb4 27.axb4 Nf6 28.f3 gxf3 29.gxf3 Rxd1
30.Rxd1 Ne8 31.Nf5 Rf6 32.Kf2 Nd6 33.Nxd6+ cxd6 34.c4 Rg6 35.b5 Kd7 36.Ra1 cxb5
37.cxb5 d5 38.exd5 Kd6 39.Rd1 h4 40.h3 Rg3 41.Rc1 Kxd5 42.Rc6 Rxh3 43.Rxb6 e4
44.fxe4+ Kxe4 45.Rh6 Kd5 46.b6 Rb3 47.Rxh4 Kc5 48.Rh6 Rxb6 49.Rxb6 Kxb6  1/2-1/2

[Event "FIDE World Cup 2023"]
[Site "Baku AZE"]
[Date "2023.08.05"]
[Round "3.1"]
[White "Ivanchuk,V"]
[Black "Wei Yi"]
[Result "1/2-1/2"]
[WhiteElo "2667"]
[BlackElo "2726"]

1.d4 Nf6 2.c4 e6 3.g3 Bb4+ 4.Nd2 c5 5.a3 Bxd2+ 6.Qxd2 Nc6 7.Nf3 Ne4 8.Qd3 Qa5+
9.Nd2 d5 10.f3 Nd6 11.dxc5 Nxc4 12.Qc3 Qxc3 13.bxc3 Ne3 14.Ra2 e5 15.Ne4 dxe4
16.Bxe3 Be6 17.Rb2 O-O-O 18.Bg2 Na5 19.Kf2 Nc4 20.Rbb1 Rd7 21.c6 bxc6 22.fxe4 Rhd8
23.Bc5 a5 24.Bb6 Re8 25.Bc5 Red8 26.Bb6 Re8 27.Bc5 Rd2 28.Rb3 Rb2 29.Rxb2 Nxb2
30.Rb1 Nc4 31.Ke1 Rd8 32.Rd1 Bd7 33.Bf1 Be6 34.Rxd8+ Kxd8 35.e3 Kd7 36.Bxc4 Bxc4
37.Bf8 g5 38.Kd2 Ba2 39.Kc2 a4 40.Bh6 f6 41.Bf8 Ke6 42.Bc5 Bc4 43.Bb6 Bf1
44.Kd2 Kf7 45.Bc5 Kg6 46.Be7 Bc4 47.Bd8 Bb5 48.Be7 Ba6 49.Kc2 f5 50.h4 g4
51.Bd6 fxe4 52.Bxe5 Be2 53.Bb8 c5  1/2-1/2

[Event "FIDE World Cup 2023"]
[Site "Baku AZE"]
[Date "2023.08.06"]
[Round "3.2"]
[White "Wei Yi"]
[Black "Ivanchuk,V"]
[Result "1/2-1/2"]
[WhiteElo "2726"]
[BlackElo "2667"]

1.e4 e5 2.Nf3 Nc6 3.Bb5 Nf6 4.d3 Bc5 5.c3 O-O 6.Bg5 h6 7.Bh4 g5 8.Bg3 d6
9.Nbd2 Nh5 10.Bxc6 bxc6 11.d4 exd4 12.Nxd4 Nxg3 13.hxg3 Qf6 14.Qh5 Kg7 15.O-O-O Bd7
16.e5 Qg6 17.Qxg6+ fxg6 18.Ne4 Bb6 19.Nf6 Bc8 20.f4 h5 21.Rhe1 g4 22.Rd2 dxe5
23.fxe5 Rd8 24.Nxc6 Rxd2 25.Kxd2 Bb7 26.Nd4 Bxg2 27.Ke3 c5 28.Ne6+ Kf7 29.Ng5+ Ke7
30.c4 Rd8 31.Rg1 Bc6 32.Rf1 Ba5 33.Nfe4 Bxe4 34.Nxe4 Bc7 35.Rf6 Bxe5 36.Rxg6 Bxb2
37.Ra6 Bc1+ 38.Ke2 Rd4 39.Rxa7+ Kd8 40.Nxc5 Rxc4 41.Ne6+ Kc8 42.Kd3 Rc6 43.Nd4 Rf6
44.Ke4 Kb8 45.Rh7 Ra6 46.Rh8+ Kb7 47.Nb3 Rh6 48.Nc5+ Kb6 49.Nd7+ Kb5 50.Rb8+ Kc6
51.Ne5+ Kc7 52.Rb1 Ba3 53.Rh1 Be7 54.Nxg4 Rg6 55.Ne3 Rxg3 56.Rxh5 Bg5 57.Nc4 Kc6
58.Ne5+ Kb6 59.Rh2 Kb5 60.Rb2+ Ka4 61.Rb8 Bf6 62.Nd3 Rg5 63.Rb6 Bg7 64.Rb7 Bh8
65.Rc7 Kb5 66.Rc8 Bg7 67.Nf4 Re5+ 68.Kd3 Bh6 69.Rb8+ Kc5 70.Ra8 Bxf4 71.Ra5+ Kb6
72.Rxe5  1/2-1/2

[Event "FIDE World Cup 2023"]
[Site "Baku AZE"]
[Date "2023.08.07"]
[Round "3.3"]
[White "Ivanchuk,V"]
[Black "Wei Yi"]
[Result "1/2-1/2"]
[WhiteElo "2667"]
[BlackElo "2726"]

1.d4 Nf6 2.c4 e6 3.g3 Bb4+ 4.Bd2 a5 5.Bg2 d5 6.Qc2 O-O 7.Nf3 c5 8.cxd5 cxd4
9.Nxd4 Qb6 10.e3 exd5 11.O-O Nc6 12.Nxc6 bxc6 13.Rc1 Bd7 14.Nc3 h5 15.Na4 Qc7
16.Nc5 h4 17.Nxd7 Qxd7 18.Bxb4 axb4 19.Qxc6 Qf5 20.Qd6 h3 21.Bh1 Ne4 22.Qf4 Qe6
23.a3 bxa3 24.bxa3 Ra4 25.Qc7 Qf5 26.Qf4 Qe6 27.Qc7 Qf6 28.Qf4 Qe6  1/2-1/2

[Event "Asian Games Men 2023"]
[Site "Hangzhou CHN"]
[Date "2023.09.24"]
[Round "1.1"]
[White "Song,R"]
[Black "Wei Yi"]
[Result "1/2-1/2"]
[WhiteElo "2516"]
[BlackElo "2726"]

1.e4 c5 2.Nf3 d6 3.Bb5+ Nd7 4.O-O a6 5.Bxd7+ Bxd7 6.c3 Nf6 7.Re1 e6 8.d4 Be7
9.e5 dxe5 10.dxe5 Nd5 11.c4 Nb6 12.Qe2 Bc6 13.Nc3 O-O 14.Ne4 Nd7 15.b3 b5
16.Bb2 Qc7 17.Rad1 Bxe4 18.Qxe4 Rad8 19.Bc3 Nb8 20.h4 h6 21.h5 Nc6 22.Qe2 Qb6
23.Rxd8 Rxd8 24.Rd1 b4 25.Rxd8+ Qxd8 26.Bb2 a5 27.Kh2 Qd7 28.Qe4 a4 29.bxa4 Na5
30.Bc1 Qc6 31.Qxc6 Nxc6 32.Be3 Kf8 33.Kg3 Ke8 34.Kf4 Kd7 35.Ke4 Na5 36.Nd2 Kc6
37.Kd3 Kb6 38.Nb3 Nc6 39.Ke4 Na5 40.Kd3 Nc6 41.f4 g6 42.g4 gxh5 43.gxh5 Bf8
44.Ke4 Na5 45.Kd3 Nc6 46.Ke4 Na5 47.Nd2 Nb7 48.Nb3  1/2-1/2

[Event "Asian Games Men 2023"]
[Site "Hangzhou CHN"]
[Date "2023.09.24"]
[Round "2.6"]
[White "Wei Yi"]
[Black "Yamada,K"]
[Result "1-0"]
[WhiteElo "2726"]
[BlackElo "2172"]

1.e4 c5 2.Nf3 d6 3.d4 cxd4 4.Nxd4 Nf6 5.Nc3 a6 6.Be3 e5 7.Nf3 Be7 8.Nd2 b5
9.a4 b4 10.Nd5 Nxd5 11.exd5 O-O 12.Nc4 Nd7 13.a5 Kh8 14.Qd2 Rb8 15.Be2 f5
16.O-O Nf6 17.Ba7 Ra8 18.Bb6 Qd7 19.f4 exf4 20.Rxf4 Bb7 21.Rd4 f4 22.Rf1 g5
23.h4 Qf5 24.Bd3 Qg4 25.hxg5 Qxg5 26.Rdxf4 Qxd5 27.Bd4 Qe6 28.Rxf6 Bxf6 29.Rxf6 Rxf6
30.Qh6  1-0

[Event "Asian Games Men 2023"]
[Site "Hangzhou CHN"]
[Date "2023.09.25"]
[Round "3.3"]
[White "De Silva,L M S T"]
[Black "Wei Yi"]
[Result "0-1"]
[WhiteElo "2394"]
[BlackElo "2726"]

1.e4 e5 2.Nf3 Nc6 3.Bc4 Nf6 4.d3 Bc5 5.Nc3 d6 6.a3 h6 7.Be3 O-O 8.h3 Nd4
9.O-O Be6 10.Bxe6 Nxe6 11.d4 exd4 12.Nxd4 Ng5 13.f3 Re8 14.Na4 Bxd4 15.Bxd4 Nh5
16.Qd2 Re6 17.Be3 Ng3 18.Rf2 N3xe4 19.fxe4 Nxe4 20.Qd3 Nxf2 21.Bxf2 Qg5 22.Nc3 Rae8
23.Qd5 Qxd5 24.Nxd5 Re2 25.Rc1 Rd2 26.Ne3 a6 27.Nc4 Rd5 28.Ne3 Rd2 29.Nc4 Rde2
30.Kf1 Kf8 31.Na5 R2e5 32.b4 b6 33.Nc6 Re4 34.Nd4 g6 35.Rd1 f5 36.Rd3 Kf7
37.g3 Kf6 38.b5 R4e5 39.a4 Ra8 40.Rc3 Rc5 41.Re3 Rc4 42.g4 Rxd4  0-1

[Event "Asian Games Men 2023"]
[Site "Hangzhou CHN"]
[Date "2023.09.25"]
[Round "4.2"]
[White "Wei Yi"]
[Black "Nogerbek,Kazybek"]
[Result "1-0"]
[WhiteElo "2726"]
[BlackElo "2471"]

1.Nf3 Nf6 2.c4 e6 3.b3 d5 4.Bb2 Be7 5.e3 O-O 6.Nc3 c5 7.cxd5 exd5 8.Rc1 Nc6
9.Bb5 Bd7 10.O-O a6 11.Bxc6 Bxc6 12.Ne5 Rc8 13.Ne2 Nd7 14.Nxc6 Rxc6 15.Nf4 Nf6
16.Qf3 Bd6 17.Bxf6 Qxf6 18.Nxd5 Qxf3 19.gxf3 Rd8 20.f4 f5 21.f3 Kf7 22.e4 Ke6
23.Kf2 g6 24.h4 Be7 25.Rh1 Rxd5 26.exd5+ Kxd5 27.h5 Bd6 28.hxg6 hxg6 29.Rh7 b5
30.Ke3 c4 31.bxc4+ bxc4 32.Rd7 Ke6 33.Rg7 Kd5 34.Rc2 a5 35.Rb7 Bc5+ 36.Ke2 a4
37.Rb5 Kd4 38.Ra5 Re6+ 39.Kd1 a3 40.Ra4 Kd5 41.Rcxc4 Bf8 42.Rc8 Be7 43.Ra5+ Kd4
44.Re8 Kd3 45.Rd5+ Kc4 46.Rd7  1-0

[Event "Asian Games Men 2023"]
[Site "Hangzhou CHN"]
[Date "2023.09.26"]
[Round "5.1"]
[White "Abdusattorov,Nodirbek"]
[Black "Wei Yi"]
[Result "1-0"]
[WhiteElo "2716"]
[BlackElo "2726"]

1.Nf3 Nf6 2.c4 g6 3.g3 Bg7 4.Bg2 c5 5.O-O O-O 6.d4 cxd4 7.Nxd4 d5 8.cxd5 Nxd5
9.Nc3 Nb6 10.Ndb5 Nc6 11.Bf4 Bf5 12.Qc1 a6 13.Rd1 Nd7 14.Na3 Rc8 15.Nc2 Qa5
16.Ne3 Be6 17.Ned5 b5 18.a3 Qd8 19.Qe3 Re8 20.Rac1 Nce5 21.Qa7 Qa5 22.Nxe7+ Rxe7
23.Nd5 Rxc1 24.Nxe7+ Kf8 25.Bxc1 Kxe7 26.Bd2 Qb6 27.Bb4+ Ke8 28.Qa8+ Qb8
29.Qxa6 Bf8 30.Rc1 Nc4 31.Bc3 Qb6 32.Qa8+ Qb8 33.Qc6 Ne5 34.Qa6 Bc4 35.Rd1 b4
36.Bxe5 Bxa6 37.Bxb8 Nxb8 38.a4 Bc5 39.Bd5 Ke7 40.b3 Nd7 41.Bxf7 Nf6 42.Rc1 Ne4
43.Bd5 Nc3 44.Bf3 Bc8 45.e3 Be6 46.Bd1 Bb6 47.Ra1 Bc7 48.Bc2 Be5 49.Re1 Kd6
50.f4 Bf6 51.Kf2 Bg4 52.h3 Be6 53.e4 Bd4+ 54.Kf3 h5 55.g4 h4 56.a5 g5 57.fxg5 Ke5
58.g6 Kf6 59.e5+ Kg5 60.g7 Bd5+ 61.Be4 Bxb3 62.a6 Kh6 63.Bc6 Be6 64.g8=Q Bxg8
65.e6 b3 66.e7 Bf7 67.e8=Q Bxe8 68.Bxe8 b2 69.Re6+ Kg7 70.Bg6 Bc5 71.Bd3 Kf7
72.Rc6  1-0

[Event "Asian Games Men 2023"]
[Site "Hangzhou CHN"]
[Date "2023.09.26"]
[Round "6.2"]
[White "Wei Yi"]
[Black "Sindarov,Javokhir"]
[Result "1-0"]
[WhiteElo "2726"]
[BlackElo "2658"]

1.e4 e5 2.Nf3 Nc6 3.Bc4 Nf6 4.d3 Be7 5.Nc3 O-O 6.O-O d6 7.a4 Na5 8.Ba2 c5
9.Bg5 Be6 10.Bxf6 Bxf6 11.Nd5 Nc6 12.c3 g6 13.Qd2 Rc8 14.h3 b6 15.Rac1 Bg7
16.b4 h6 17.Rfe1 Kh7 18.b5 Na5 19.Qe2 c4 20.Bxc4 Nxc4 21.dxc4 h5 22.Red1 Rc5
23.Rb1 Bh6 24.Rb4 Qc8 25.h4 f6 26.Ne1 Kg7 27.a5 bxa5 28.Ra4 Rf7 29.Nc2 a6
30.Na3 Bg4 31.f3 Be6 32.Rxa5 Bxd5 33.exd5 axb5 34.Nxb5 Rd7 35.Ra4 f5 36.Nxd6 Qd8
37.Qxe5+ Kh7 38.Ne8 Re7 39.Nf6+ Kg7 40.Nxh5+ Kh7 41.Nf6+ Kg7 42.Qg3 Qb6 43.Nh5+ Kh7
44.Rb4 Rb5+ 45.Kh2 Rxb4 46.d6 Rf7 47.c5 Qd8 48.cxb4 gxh5 49.Qf2 Rg7 50.Rd4 Qe8
51.f4 Ra7 52.Qd2 Bg7 53.Rd5 Qe4 54.d7 Bc3 55.d8=Q Bxd2 56.Rd7+  1-0

[Event "Asian Games Men 2023"]
[Site "Hangzhou CHN"]
[Date "2023.09.26"]
[Round "7.1"]
[White "Vidit,S"]
[Black "Wei Yi"]
[Result "0-1"]
[WhiteElo "2716"]
[BlackElo "2726"]

1.d4 Nf6 2.c4 g6 3.Nc3 d5 4.Nf3 Bg7 5.cxd5 Nxd5 6.e4 Nxc3 7.bxc3 c5 8.Bb5+ Nd7
9.O-O O-O 10.h3 a6 11.Bxd7 Bxd7 12.Ba3 Bb5 13.Re1 Rc8 14.Bxc5 b6 15.Ba3 Rxc3
16.Bb2 Rd3 17.Qc1 Qd7 18.Qf4 f6 19.Rac1 e5 20.dxe5 fxe5 21.Qg4 Qe7 22.Rc8 Bd7
23.Rxf8+ Bxf8 24.Qg3 Bg7 25.Rc1 Bf6 26.Rc7 Qe6 27.Ra7 a5 28.h4 Bc6 29.Ng5 Qd6
30.Qg4 Bd7 31.Qe2 h6 32.Nf3 g5 33.hxg5 hxg5 34.Qc2 g4 35.Ne1 Rd1 36.Bc3 Kg7
37.Qb3 Kg6 38.Qg8+ Bg7 39.Qb3 Be6 40.Qb5 Bd7 41.Qb3 a4 42.Qc2 b5 43.a3 g3
44.fxg3 Qc5+ 45.Qf2 Qxc3 46.Kf1 Qd3+ 47.Kg1 Qxe4 48.Ra6+ Kh7 49.Kh2 Qxe1  0-1

[Event "Asian Games Men 2023"]
[Site "Hangzhou CHN"]
[Date "2023.09.27"]
[Round "8.1"]
[White "Wei Yi"]
[Black "Le Tuan Minh"]
[Result "1-0"]
[WhiteElo "2726"]
[BlackElo "2559"]

1.d4 Nf6 2.c4 e6 3.Nc3 Bb4 4.Qc2 O-O 5.e4 d6 6.e5 dxe5 7.dxe5 Ng4 8.Nf3 Nc6
9.Bf4 Nd4 10.Qd3 f6 11.Qxd4 Qxd4 12.Nxd4 fxe5 13.Bxe5 Nxe5 14.Be2 Ng6 15.O-O e5
16.Nd5 exd4 17.Nxb4 Nf4 18.Bf3 c6 19.Rad1 Bf5 20.Rxd4 g5 21.Rd2 Rad8 22.Rfd1 Rxd2
23.Rxd2 Re8 24.h3 Re1+ 25.Kh2 Rc1 26.Rd8+ Kg7 27.Rb8 b6 28.Rb7+ Kf6 29.b3 Rf1
30.Bxc6 Rxf2 31.Rxa7 Ke5 32.Kg1 Rb2 33.Re7+ Kd6 34.Re1 h5 35.Kh1 h4 36.Bf3 Rf2
37.Rd1+ Ke5 38.Nc6+ Kf6 39.Rd6+ Kg7 40.Nd4 Bc8 41.Rc6 Rd2 42.Rxc8 Rxd4 43.Rc6 Rd2
44.a4 g4 45.hxg4 h3 46.gxh3 Rd3 47.Be4 Re3 48.Bf5 Rxh3+ 49.Kg1 Rxb3 50.Kf2 Nh3+
51.Ke2 Kf8 52.Kd2 Ke7 53.Re6+ Kf7 54.Re3 Rb2+ 55.Bc2 Ng5 56.Ra3 Ne4+ 57.Kc1 Rb4
58.Rf3+ Kg7 59.Bxe4 Rxc4+ 60.Bc2 Rxg4 61.Rb3 Kh8 62.Rxb6 Rg5 63.Rh6+ Kg7
64.Rg6+  1-0

[Event "Asian Games Men 2023"]
[Site "Hangzhou CHN"]
[Date "2023.09.27"]
[Round "9.1"]
[White "Bilguun,Sumiya"]
[Black "Wei Yi"]
[Result "0-1"]
[WhiteElo "2456"]
[BlackElo "2726"]

1.e4 e5 2.Bc4 Nf6 3.d3 Nc6 4.Nf3 Bc5 5.O-O d6 6.a4 h6 7.c3 a5 8.Re1 O-O 9.Nbd2 Be6
10.b3 Ba7 11.Nf1 d5 12.exd5 Nxd5 13.Bd2 Qf6 14.Ng3 Rfe8 15.h3 Qg6 16.Kf1 Rad8
17.Bb5 f6 18.Nh4 Qf7 19.Qf3 Nde7 20.Nhf5 Nxf5 21.Nxf5 Qd7 22.Be3 Bxf5 23.Bxc6 Qxd3+
24.Kg1 bxc6 25.Bxa7 Qxf3 26.gxf3 Bxh3 27.b4 Be6 28.Bc5 Ra8 29.bxa5 Rxa5 30.Bb4 Ra6
31.a5 g5 32.Red1 Rb8 33.Rd2 Kf7 34.Rad1 Rb5 35.Rd8 c5 36.Ba3 Raxa5 37.Bc1 Ra1
38.Be3 Rxd1+ 39.Rxd1 c4 40.Ra1 Bd5 41.Kg2 Kg6 42.Ra7 c6 43.Kg3 h5 44.Ra1 h4+
45.Kg2 g4 46.Kh2 Bxf3 47.Ra8 Rb1 48.Bc1 g3+  0-1